MICROBIOLOGY (Record no. 5369)

MARC details
000 -LEADER
fixed length control field 00385nam a22001697a 4500
005 - DATE AND TIME OF LATEST TRANSACTION
control field 20190511164504.0
008 - FIXED-LENGTH DATA ELEMENTS--GENERAL INFORMATION
fixed length control field 170401b xxu||||| |||| 00| 0 eng d
020 ## - INTERNATIONAL STANDARD BOOK NUMBER
ISBN 978-0-07-462320-6
041 ## - LANGUAGE CODE
Language code of text/sound track or separate title eng
100 ## - MAIN ENTRY--AUTHOR NAME
Personal name PELCZAR,MICHAEL.J
245 ## - TITLE STATEMENT
Title MICROBIOLOGY
250 ## - EDITION STATEMENT
Edition statement 5th
260 ## - PUBLICATION, DISTRIBUTION, ETC. (IMPRINT)
Name of publisher MCGRAW HILL
Year of publication 1986
300 ## - PHYSICAL DESCRIPTION
Number of Pages 918
650 ## - SUBJECT ADDED ENTRY--TOPICAL TERM
Topical Term AGRICULTURE
942 ## - ADDED ENTRY ELEMENTS (KOHA)
Koha item type Books
Holdings
Lost status Damaged status Collection code Home library Current library Shelving location Date acquired Source of acquisition Cost, normal purchase price Accession Number Koha item type
    AGRICULTURE JRU Library JRU Library SHELF-44-G 30/04/2017 PURCHASE 875.00 21567 Books
    AGRICULTURE JRU Library JRU Library SHELF-44-G 30/04/2017 PURCHASE 875.00 21568 Books
    AGRICULTURE JRU Library JRU Library SHELF-44-G 30/04/2017 PURCHASE 875.00 21569 Books